000 01764nam a2200517 i 4500
001 24814
003 KOSZ 005
005 20221227131821.0
008 020729s1995 pl a f |000 0 pol
015 _aUWD 2002/15583
020 _a8386689161
035 _a991018641109705066
035 _a(PL-WaBN)b15055152-48omnis_nlop
035 _ab15055152
035 _a(OCoLC)749420772
035 _a(PL)b0000001505515
035 _a(EXLNZ-48OMNIS_NETWORK)9910260700105606
040 _aWA N
_cWA N
_dKOSZ 005/EG
080 _a351/353
080 _a"1989/..."
080 _a(438)
080 _a(075.8)
245 0 0 _aGospodarka miejska :
_bwybrane zagadnienia gospodarki samorządu terytorialnego : praca zbiorowa.
_nCz. 2 /
_cpod red. Elżbiety Dżbik.
250 _aWyd. 2 popr.
260 _aWarszawa :
_bSzkoła Główna Handlowa,
_c1995.
300 _a183 s. :
_bil., mapy ;
_c24 cm.
336 _aTekst
_btxt
_2rdacontent
337 _aBez urządzenia pośredniczącego
_bn
_2rdamedia
338 _aWolumin
_bnc
_2rdacarrier
380 _aKsiążki
380 _aPublikacje dydaktyczne
385 _mPoziom nauczania
_aSzkoły wyższe
388 _a1901-2000
388 _a1989-2000
648 _a1989-2000
650 7 _aGospodarka komunalna
_2DBN
651 7 _aPolska
655 7 _aPodręczniki akademickie
_2DBN
658 _aGospodarka, ekonomia, finanse
650 7 _aGospodarka regionalna
_2DBN
700 1 _aDżbik, Elżbieta
_eRedakcja
710 2 _aOficyna Wydawnicza (Szkoła Główna Handlowa ; Warszawa)
_4pbl
856 _uhttp://koha.tu.koszalin.pl/cgi-bin/koha/opac-detail.pl?biblionumber=24814
_yKatalog online BPK
942 _2UKD
_cKS
999 _c24814
_d24814